Levante UD Squad 2023-2024 - Statistics

General Stats
  • This quiz has been taken 13 times
  • The average score is 21 of 27
Answer Stats
# Position Nation Player % Correct
10 MF Spain Pablo Martínez
100%
13 GK Spain Andrés Fernández
89%
30 FW Spain Andrés García
89%
23 MF Spain Ángel Algobia
89%
6 MF Georgia Giorgi Kochorashvili
89%
7 FW Spain Roger Brugué
89%
14 DF Portugal Rúben Vezo
89%
4 DF Spain Adrián de la Fuente
78%
11 FW Spain Alejandro Cantero
78%
3 DF Spain Álex Muñoz
78%
37 MF Spain Carlos Álvarez
78%
12 FW Brazil Fabrício
78%
- Coach Spain Felipe Miñambres
78%
- Coach Spain Javier Calleja
78%
22 FW Morocco Mohamed Bouldini
78%
14 DF Serbia Nikola Maraš
78%
20 MF Spain Oriol Rey
78%
17 MF Spain Óscar Clemente
78%
15 DF Spain Sergio Postigo
78%
16 MF Spain Álex Blesa
67%
2 DF Spain Ander Capa
67%
9 FW Spain Dani Gómez
67%
18 FW Spain Iván Romero
67%
1 GK Spain Joan Femenías
67%
21 MF Spain Sergio Lozano
67%
5 DF Spain Álex Valle
56%
19 FW Spain Rober Ibáñez
56%
No matching quizzes found
Score Distribution
Percent of People with Each Score
Percentile by Number Answered
Your Score History
You have not taken this quiz